000 00748nam a2200229Ia 4500
001 10175
003 GE_BSU
008 181216s||||||||xx |||||||||||||| ||und||
040 _cGE_BSU
080 _a821.353.1–1
100 _aსურგულაძე,მირონ
245 _aგზები და სივრცეები
245 _bლექსები
245 _cრედ.ს.დემურხანაშვილი.მხატვ.ლ.ნასარიძე
260 _aთბილისი
260 _bმერანი
260 _c1973
300 _a181გვ.ფოტო.16სმ.
653 _aგზები და სივრცეები
653 _aლექსები
942 _cBK
999 _c43445
_d43445